000 00752nam a2200217 a 4500
001 000045026
005 20230519124900.0
008 150129s1997 sp ac 000 0 spa d
020 _a8437615429
040 _aDO-SdBNP
_bspa
_cBNPHU
040 _aDO-SdBNP
_bxxxx
100 1 _aVidal Estévez, Manuel
_973029
245 1 0 _aCarl Theodor Dreyer /
_cManuel Vidal Estévez.
260 _aMadrid :
_bCátedra,
_c1997.
300 _a359 p. :
_bil., retrs. ;
_c18 cm.
490 1 _aSigno e Imagen/Cineastas
_v34
500 _aIncluye datos biográficos del autor en la contracubierta
500 _aIncluye referencias bibliográficas y notas al pie de las páginas
504 _aBibliografía : p. 349-357
830 0 _aSigno e Imagen/Cineastas ;
_n34
_973030
999 _c44515
_d44515